Proceeding Of The National Institute Of Sciences Of India (Record no. 602309)

MARC details
000 -LEADER
fixed length control field 00515nam a2200145Ia 4500
008 - FIXED-LENGTH DATA ELEMENTS--GENERAL INFORMATION
fixed length control field 100415s9999 xx 000 0 und d
082 ## - DEWEY DECIMAL CLASSIFICATION NUMBER
Item number 19412
Classification number 500
100 ## - MAIN ENTRY--PERSONAL NAME
Personal name Indian Natonal Science Academy
245 ## - TITLE STATEMENT
Title Proceeding Of The National Institute Of Sciences Of India
260 ## - PUBLICATION, DISTRIBUTION, ETC. (IMPRINT)
Place of publication, distribution, etc NEW DELHI
Date of publication, distribution, etc 1967
Name of publisher, distributor, etc Indian Natonal Science Academy
365 ## - TRADE PRICE
Price amount 0
630 ## - SUBJECT ADDED ENTRY--UNIFORM TITLE
Uniform title Proceeding Of The National Institute Of Sciences Of India
730 ## - ADDED ENTRY--UNIFORM TITLE
Uniform title Proceeding Of The National Institute Of Sciences Of India
942 ## - ADDED ENTRY ELEMENTS (KOHA)
Koha item type Book
Holdings
Withdrawn status Lost status Damaged status Not for loan Home library Current library Date acquired Cost, normal purchase price Total Checkouts Full call number Barcode Date last seen Price effective from Koha item type
        Bombay Natural History Society Bombay Natural History Society 01/05/2001 0.00   500 19412 BNHS-19412 04/15/2010 04/15/2010 Book